000
00346 a2200157 4500
001
194299
020
_a
85-08-17779-0
040
_c
Magnum
100
_a
França, Mary
240
1
0
_a
Passeio na fazenda
_l
por
245
1
0
_a
Passeio na fazenda
300
_a
16
362
0
_a
2015
697
_a
LÍNGUA - LINGÜÍSTICA - LITERATURA
942
_c
BK
999
_c
194299
_d
194299